000 00819 a2200241 4500
005 20260416142116.0
008 260416b |||||||| |||| 00| 0 eng d
020 _a9781440880834 (pbk)
037 _cTB
040 _aCRL
_cCRL
041 _2eng
_aeng
084 _a2 R4
100 _aWahler, Elizabeth A.
_9859945
245 _aCreating person centered library:
_bbest practices of supporting high needs patrons
260 _bBloomsbury Libraries Unlimited,
_c2024,
_aNew York, USA;
300 _axii, 242p.
365 _b5166.03
_cINR
650 _aPatrons
_91234971
650 _aLibrary Science
700 _aJohnson, Sarah C.
_eauthor.
_91234970
942 _cTB
_2CC
_h2 R4
999 _c1466537
_d1466537